000 00370cam a2200157ua 4500
041 _aeng
_h
082 _a828.09
_bLAV/OS
100 _aLaver, James .
245 _aOscar Wilde /
_cJames Laver.
_hTextual Documents
250 _a1 /
_b.
260 _aLondon :
_bLongman Green and Co ,
_c1963.
300 _a32 ; .
504 _a
942 _cBK
999 _c7012
_d7012